<?xml version="1.0" encoding="UTF-8"?><?xml-stylesheet type="text/xsl" href="static/style.xsl"?><OAI-PMH xmlns="http://www.openarchives.org/OAI/2.0/" xmlns:xsi="http://www.w3.org/2001/XMLSchema-instance" xsi:schemaLocation="http://www.openarchives.org/OAI/2.0/ http://www.openarchives.org/OAI/2.0/OAI-PMH.xsd"><responseDate>2026-06-07T07:14:47Z</responseDate><request verb="GetRecord" identifier="oai:riuma.uma.es:10630/15984" metadataPrefix="marc">https://riuma.uma.es/rest/oai/request</request><GetRecord><record><header><identifier>oai:riuma.uma.es:10630/15984</identifier><datestamp>2026-02-03T12:25:14Z</datestamp><setSpec>com_10630_2254</setSpec><setSpec>col_10630_37959</setSpec></header><metadata><record xmlns="http://www.loc.gov/MARC21/slim" xmlns:dcterms="http://purl.org/dc/terms/" xmlns:doc="http://www.lyncode.com/xoai" xmlns:xsi="http://www.w3.org/2001/XMLSchema-instance" xsi:schemaLocation="http://www.loc.gov/MARC21/slim http://www.loc.gov/standards/marcxml/schema/MARC21slim.xsd">
   <leader>00925njm 22002777a 4500</leader>
   <datafield ind2=" " ind1=" " tag="042">
      <subfield code="a">dc</subfield>
   </datafield>
   <datafield ind2=" " ind1=" " tag="720">
      <subfield code="a">Gómez-Leal, Raquel</subfield>
      <subfield code="e">author</subfield>
   </datafield>
   <datafield ind2=" " ind1=" " tag="720">
      <subfield code="a">Gutiérrez-Cobo, María José</subfield>
      <subfield code="e">author</subfield>
   </datafield>
   <datafield ind2=" " ind1=" " tag="720">
      <subfield code="a">Megías-Robles, Alberto</subfield>
      <subfield code="e">author</subfield>
   </datafield>
   <datafield ind2=" " ind1=" " tag="720">
      <subfield code="a">Cabello-González, Rosario</subfield>
      <subfield code="e">author</subfield>
   </datafield>
   <datafield ind2=" " ind1=" " tag="720">
      <subfield code="a">Fernández-Berrocal, Pablo</subfield>
      <subfield code="e">author</subfield>
   </datafield>
   <datafield ind2=" " ind1=" " tag="260">
      <subfield code="c">2018-06-20</subfield>
   </datafield>
   <datafield ind2=" " ind1=" " tag="520">
      <subfield code="a">Aggressive behaviour has been the focus of numerous investigations given its prevalence and undesirable consequences for aggressors and victims. The General Aggression Model (GAM) offers an integrative explanation of this behaviour based on three stages: (1) inputs (personal and situational factors); (2) routes or the individual internal state (affects, cognitions and arousal), and (3) outcomes: appraisal and decision processes with a final (non) aggressive result. Looking for protective factors within the model in order to diminish aggression is being the current focus of researchers. Previous literature has pay attention to two relevant variables: emotional intelligence (EI) and negative affect (NA). Specifically, the perceiving and managing branches of EI seem to play a protective role in the aggressive behaviour, while NA appear as a risky factor. The aim of the present study is to analyse the role of these three variables (perceiving EI, managing EI and NA) within the stages of the GAM model. We hypothesized to find a conditional indirect effect of the perceiving branch of EI on aggression total scores through NA as a function of the managing branch of EI (the moderated mediation model). 395 students from the University of Málaga (Spain) took part in the experiment. Participants were assessed in ability EI, NA, and aggression levels throughout the questionnaires MSCEIT, PANAS, and BPAQ. We conducted a moderate mediation analysis to explore our hypothesis. The results revealed a significant negative indirect effect of MSCEIT perceiving on BPAQ total mediated through PANAS NA. Therefore, a adequate emotional perception is useful in the reduction of the aggression level via the indirect effect of NA.Therefore, a adequate emotional perception is useful in the reduction of the aggression level via the indirect effect of NA. In addition, MSCEIT managing moderates the impact of negative affect on aggression.</subfield>
   </datafield>
   <datafield ind1="8" ind2=" " tag="024">
      <subfield code="a">https://hdl.handle.net/10630/15984</subfield>
   </datafield>
   <datafield tag="653" ind2=" " ind1=" ">
      <subfield code="a">Inteligencia emocional</subfield>
   </datafield>
   <datafield tag="653" ind2=" " ind1=" ">
      <subfield code="a">Agresividad</subfield>
   </datafield>
   <datafield ind2="0" ind1="0" tag="245">
      <subfield code="a">The moderated-mediation model of Emotional Intelligence and Negative Affect in the aggressive behavior within the General Aggression Model (GAM)</subfield>
   </datafield>
</record>
</metadata></record></GetRecord></OAI-PMH>